000 00598nam a2200205Ia 4500
005 20250923145237.0
008 008 250917s9999 xx 000 0 eng d
037 _aTextual
040 _aDSWL
_beng
_cDSWL
041 _aeng
_2eng
084 _aYX, N63;10
_qDSWL
100 _aFriedlander, W.A.
_9833290
245 0 _aIntroduction to social welfare
_cby W.A. Friedlander
260 _aNew Delhi
_b Prentice Hall of India (P) Ltd.
_c1967
300 _avix,222p.
365 _aINR
_b12.60
925 _g12.60
942 _cTEXL
_hYX, N63;10
999 _c1448888
_d1448888